000
00230nam a22001097a 4500
003
OSt
008
231115b |||||||| |||| 00| 0 eng d
041
_a
eng
100
_a
Collins
_9
5641
245
_a
Zoology pre degree /
942
_c
BK
999
_c
17872
_d
17872